Mang thai sau tuổi 30

Kaydedildi:
Detaylı Bibliyografya
Yazar: GLADE B CURTIS
Materyal Türü: Kitap
Dil:Undetermined
Baskı/Yayın Bilgisi: H. Y Học 2001
Etiketler: Etiketle
Etiket eklenmemiş, İlk siz ekleyin!
Thư viện lưu trữ: Trung tâm Học liệu Trường Đại học Cần Thơ
LEADER 00419nam a2200157Ia 4500
001 CTU_50610
008 210402s9999 xx 000 0 und d
082 |a 618.2 
082 |b C978 
100 |a GLADE B CURTIS 
245 0 |a Mang thai sau tuổi 30 
245 0 |c GLADE B. CURTIS; Lan Phương dịch 
260 |a H. 
260 |b Y Học 
260 |c 2001 
980 |a Trung tâm Học liệu Trường Đại học Cần Thơ